Pays traversés par l'équateur - Statistiques

Statistiques générales
  • Ce quiz a été pris 58 fois
  • Le résultat moyen est 10 sur 11
Réponses sur la Carte
Les réponses sont colorées sur une échelle allant du rouge au vert en fonction du pourcentage des utilisateurs qui les ont devinées à leur premier essai. Vous pouvez retrouver ces pourcentages ci-dessous.
 
Statistiques - réponses
Pays % Correct
Brésil
100%
Équateur
100%
Colombie
96%
République démocratique du Congo
96%
République du Congo
96%
Indonésie
95%
Kenya
91%
Ouganda
84%
Gabon
82%
Somalie
80%
Sao Tomé-et-Principe
54%
Aucun quiz correspondant
Distribution des résultats
% des personnes avec chaque résultat
Percentile par nombre de réponses
Votre historique - résultats
Vous n’avez pas pris ce quiz